• 首页
  • 本馆介绍
  • 公告通知
  • 最新文献
  • 馆藏检索
  • 电子资源
  • 读者导购
  • 参考咨询
  • 我的图书馆
  • 登录
  • 详细信息显示
  • 放入我的书架
  • 预约/预借图书
  • 作者相关作品
  • 分类相关作品
  • 丛书相关作品
  • 出版社相关作品

书目信息

  • 表格格式
  • 工作单格式
  • 卡片格式
题名:
精细化工产品的合成及应用
    
 
作者: 程侣柏 编译
分册:  
出版信息: 大连   大连理工大学出版社  1992
页数: 328页
开本: 26cm
丛书名:
单 册:
中图分类: TQ062
科图分类: 81.17
主题词: 精细化工-化工产品-合成 , 化工产品-精细化工-合成 , 精细化工-化工产品--应用 , 化工产品-精细化工--应用
电子资源:
ISBN: 7-5611-0475-8
000 01033nam0 2200289 45
001 0193001046
005 20070703154133.81
010    @a7-5611-0475-8@dCNY11.00
100    @a19930104d1992 emky0chiy0121 ea
101 0  @achi
102    @aCN@b210000
105    @ay z 000yy
200 10 @a精细化工产品的合成及应用@AJING XI HUA GONG CHAN PIN DE HE CHENG JI YING YONG@f程侣柏等编译@FCHENG LU“ BAI DENG BIAN YI
205    @a2版
210    @a大连@c大连理工大学出版社@d1992@h1993
215    @a328页@d26cm
330    @a本书在1987年第一版基础上删去两章,并对其它章节做了必要补充,全书共12章,包括涂料、粘合剂、塑料助剂、食品用化学品等主要精细化工产品的化学结构,应用性能和使用范围。
540 1  @a化工 合成@AHUA GONG HE CHENG
606    @a精细化工-化工产品-合成
606    @a化工产品-精细化工-合成
606    @a精细化工-化工产品@x应用
606    @a化工产品-精细化工@x应用
690    @aTQ062@v三版
692    @a81.17
701  0 @a程侣柏@ACHENG LU“ BAI@4编译
801  0 @aCN@bTSSF@c20070703
905    @a10447@dTQ062@e146=2
    
    精细化工产品的合成及应用/程侣柏等编译.-2版.-大连:大连理工大学出版社,1992(1993)
    328页;26cm
    
    
    ISBN 7-5611-0475-8:CNY11.00
    本书在1987年第一版基础上删去两章,并对其它章节做了必要补充,全书共12章,包括涂料、粘合剂、塑料助剂、食品用化学品等主要精细化工产品的化学结构,应用性能和使用范围。
●
相关链接 在E读中查询图书 在五车中查询图书 在当当中查询图书 在豆瓣中查询图书


正题名:精细化工产品的合成及应用     索取号:TQ062/146=2         预约/预借

序号 登录号 条形码 馆藏地/架位号 状态 备注
1 0512805   205128057   第二样本阅览室/ [索取号:TQ062/146=2] 在馆    
2 0512806   205128066   密集书库/ [索取号:TQ062/146=2] 在馆    
3 0512807   205128075   密集书库/ [索取号:TQ062/146=2] 在馆    
4 0512808   205128084   密集书库/ [索取号:TQ062/146=2] 在馆    
5 0512809   205128093   密集书库/ [索取号:TQ062/146=2] 在馆    
6 0512810   205128100   密集书库/ [索取号:TQ062/146=2] 在馆    
7 0512811   205128119   密集书库/ [索取号:TQ062/146=2] 在馆    
8 0512812   205128128   密集书库/ [索取号:TQ062/146=2] 在馆    
9 0512813   205128137   密集书库/ [索取号:TQ062/146=2] 在馆    
10 0512814   205128146   密集书库/ [索取号:TQ062/146=2] 在馆    
11 0512815   205128155   密集书库/ [索取号:TQ062/146=2] 在馆    
12 0512816   205128164   密集书库/ [索取号:TQ062/146=2] 在馆    
13 0512817   205128173   密集书库/ [索取号:TQ062/146=2] 在馆    
14 0512818   205128182   密集书库/ [索取号:TQ062/146=2] 在馆    
15 0512819   205128191   密集书库/ [索取号:TQ062/146=2] 在馆    
16 0512820   205128208   密集书库/ [索取号:TQ062/146=2] 在馆    
17 0512821   205128217   密集书库/ [索取号:TQ062/146=2] 在馆    
18 0512822   205128226   密集书库/ [索取号:TQ062/146=2] 在馆    
19 0512823   205128235   密集书库/ [索取号:TQ062/146=2] 在馆    
20 0764902   207649026   密集书库/ [索取号:TQ062/146=2] 在馆    
唐山师范学院图书馆 欢迎您!
大连网信软件有限公司© 版权所有